| 000 | 00461nam a22001697a 4500 | ||
|---|---|---|---|
| 003 | SGT | ||
| 020 | _a9788131256459 | ||
| 082 |
_a610.73 _bD23W |
||
| 100 | _aWILLIAMS, PATRICIA | ||
| 245 |
_a DEWIT'S FUNDAMENTAL CONCEPTS AND SKILLS FOR NURSING _b |
||
| 250 | _a2ND S.A. | ||
| 260 |
_aINDIA _bELSEVIER PUB _c2023 |
||
| 300 | _a1044 | ||
| 650 | _aFUNDAMENTAL NURSING | ||
| 653 | _aDEWIT'S FUNDAMENTAL CONCEPTS AND SKILLS FOR NURSING | ||
| 942 |
_2ddc _cBK _012 |
||
| 999 |
_c24829 _d24829 |
||